000
00341nam a2200157Ia 4500
100
_a
Drucker/ Peter F.
490
_v
2
942
_c
BK
654
_a
Managing in Turbalent Times
245
_a
Managing in Turbalent Times
260
_b
Allied Publishers
082
_a
658.8
_b
DRU
300
_a
239
546
_a
ENGLISH
999
_c
33401
_d
33401